000
00235nam a2200097Ia 4500
001
1212255
005
20250827024451.0
008
250824s9999 xx 000 0 und d
245
0
_a
SARHOŞLAR
_c
ORHAN KEMAL
260
_b
EVEREST YAYINLARI
999
_c
1212255
_d
1212255